[Event "Quebec op U1400"]
[Site "Montreal"]
[Date "2016.07.27"]
[Round "6.71"]
[White "Liu, Kevin1111"]
[Black "Dawson, Skyler"]
[Result "0-1"]
[WhiteElo "1312"]
[BlackElo "1319"]
[PlyCount "58"]
[EventDate "2016.07.23"]
[EventType "swiss"]
[EventRounds "8"]
[EventCountry "CAN"]
[SourceTitle "EXT 2022"]
[Source "ChessBase"]
[SourceDate "2021.10.06"]
[SourceVersion "1"]
[SourceVersionDate "2021.10.06"]
[SourceQuality "1"]

1. e4 c5 2. Nf3 d6 3. Bb5+ Nd7 4. c3 Ngf6 5. Bd3 g6 6. Bc2 Qa5 7. 0-0 Bg7 8. d4 0-0 9. Re1 Qc7 10. h3 e6 11. Bf4 Nh5 12. Bh2 e5 13. Na3 a6 14. Qe2 b5 15. Rad1 Bb7 16. dxe5 Nxe5 17. c4 Nxf3+ 18. Qxf3 b4 19. Nb1 Rad8 20. Rd2 f5 21. Qd1 f4 22. Qg4 Bxb2 23. g3 Be5 24. Red1 f3 25. Qe6+ Kh8 26. g4 Bxh2+ 27. Kxh2 Ng7 28. Qxd6 Rxd6 29. Rxd6 Ne8 0-1